000 00424nam a2200169Ia 4500
003 LK-CoDNM
008 010623t1922 xxu||||| |||| 00| 1 eng d
040 _aLK-CoDNM
_dLK-CoDNM
_eLK-CoDNM
041 _aeng
080 _a9 G 12
100 _aBrown,C.J.
245 _aThe Coins of India
260 _bOxford University Press
_aCalcutta
_c1922
300 _b120p,Pl., 18 cm
500 _aThe Heritage of India
942 _cBK
999 _c91077
_d91077